00364nam a2200157Ia 45000010006000000050017000060080041000230410008000640820015000721000026000872450037001132600009001503000031001596500008001906540008001981482920260306164943.0260306t2000||||xx |||||||||||||| ||spa|| aESP a519.4bM28 aMathews, John H.eAUT 0aMétodos numéricos con matlab c2000 ax, 721 páginas :c24 cm. aGEN aCMA